Fighting invisible tigers : stress management for teens (Record no. 40427)

MARC details
000 -LEADER
fixed length control field 00460nam a2200181Ia 4500
020 ## - INTERNATIONAL STANDARD BOOK NUMBER
ISBN 0915793806
050 ## - CALL MARK
Classification number HQ 796 .H495/
100 ## - STATEMENT OF RESPONSIBILITY--MAIN AUTHOR NAME
Personal name Hipp, Earl, 1944-
245 #0 - TITLE STATEMENT
Title Fighting invisible tigers : stress management for teens
260 ## - PUBLICATION, DISTRIBUTION, ETC. (IMPRINT)
Place of publication Minneapolis, MN
260 ## - PUBLICATION, DISTRIBUTION, ETC. (IMPRINT)
Name of publisher Free Spirit Pub.
260 ## - PUBLICATION, DISTRIBUTION, ETC. (IMPRINT)
Year of publication 1995
300 ## - PHYSICAL DESCRIPTION
Number of Pages 153 p
650 ## - SUBJECT ADDED ENTRY--TOPICAL TERM
Topical Term Minneapolis, MN
942 ## - ADDED ENTRY ELEMENTS (KOHA)
Koha item type Books
Holdings
Withdrawn status Lost status Source of classification or shelving scheme Damaged status Not for loan Permanent Location Current Location Shelving location Date acquired Accession Number Price effective from Koha item type
    Library of Congress Classification     NILE UNIVERSITY OF NIGERIA - MAIN LIBRARY NILE UNIVERSITY OF NIGERIA - MAIN LIBRARY Items on shelf 06/03/2025 0004356 06/03/2025 Books
    Library of Congress Classification     NILE UNIVERSITY OF NIGERIA - MAIN LIBRARY NILE UNIVERSITY OF NIGERIA - MAIN LIBRARY Items on shelf 06/03/2025 0004357 06/03/2025 Books